Introducción al Quijote : (Record no. 194523)

MARC details
000 -LEADER
campo de control de longitud fija 03162nam a2200373 i 4500
001 - NÚMERO DE CONTROL
campo de control 194523
003 - IDENTIFICADOR DE NÚMERO DE CONTROL
campo de control SpMaBN
005 - FECHA Y HORA DE LA ÚLTIMA TRANSACCIÓN
campo de control 20250711063124.0
008 - DATOS DE LONGITUD FIJA--INFORMACIÓN GENERAL
campo de control de longitud fija 240503s2023 sp | |||| 000 spa
015 ## - NÚMERO DE BIBLIOGRAFÍA NACIONAL
Número de bibliografía nacional MON24
017 ## - NÚMERO DE COPYRIGHT O DE DEPÓSITO LEGAL
Número de copyright o de depósito legal M 26751-2023
Agencia que asigna Oficina Depósito Legal Madrid
020 ## - NÚMERO INTERNACIONAL ESTÁNDAR DEL LIBRO
Número Internacional Estándar del Libro 9788419928092
040 ## - FUENTE DE CATALOGACIÓN
Centro catalogador/agencia de origen SpMaBN
Lengua de catalogación spa
Centro/agencia transcriptor SpMaBN
Normas de descripción rda
100 1# - ENTRADA PRINCIPAL--NOMBRE DE PERSONA
9 (RLIN) 87087
Nombre de persona Onís, Federico de,
Fechas asociadas al nombre 1885-1966
Término indicativo de función/relación Autor
245 ## - MENCIÓN DEL TÍTULO
Título Introducción al Quijote :
Resto del título (cursillo para la televisión puertorriqueña) /
Mención de responsabilidad, etc. Federico de Onís ; prólogo de Luce López-Baralt ; edición y notas de María Luisa Lugo Acevedo
250 ## - MENCION DE EDICION
Mención de edición Primera edición: 2023
260 ## - PUBLICACIÓN, DISTRIBUCIÓN, ETC.
Lugar de publicación, distribución, etc. Madrid :
Nombre del editor, distribuidor, etc. Grupo Editorial Sial Pigmalión, S.L.,
Fecha de publicación, distribución, etc. 2023
300 ## - DESCRIPCIÓN FÍSICA
Extensión 398 páginas ;
Dimensiones 21 cm
336 ## - TIPO DE CONTENIDO
Término de tipo de contenido Texto
Fuente rdacontent
337 ## - TIPO DE MEDIO
Nombre/término del tipo de medio sin mediación
Fuente rdamedia
338 ## - TIPO DE SOPORTE
Nombre/término del tipo de soporte volumen
Fuente rdacarrier
490 1# - MENCIÓN DE SERIE
Mención de serie Colección Cervantes ;
Designación de volumen o secuencia 7
520 ## - RESUMEN, ETC.
Sumario, etc. Sirvan estas palabras para dar una calurosa bienvenida a la esmerada edición que ha hecho María Luisa Lugo, catedrática de Estudios Hispánicos de la Universidad de Puerto Rico, de las clases televisadas del Quijote que ofreció Federico de Onís en 1959 en la recién estrenada estación de televisión pública del país (WIPR-TV).<br/><br/>Como bien señala la editora, el libro que el lector tiene en sus manos viene a cumplir un antiguo sueño del maestro salmantino: escribir al fin su libro Introducción al ‘Quijote’. Nunca lo hizo, ya que, por confesión propia, don Federico afirmaba que era de esos estudiosos «a quienes es más connatural el hablar que el escribir y creo, sin modestia, que hablando en mis clases, conferencias y discursos […] he dado lo mejor de mí». Don Federico nunca imaginaría que el Seminario que él fundara con tanto amor perpetuaría su legendario magisterio con esta esmerada edición de sus clases cervantinas, que a partir de ahora constituyen un volumen inapreciable para conocer el pensamiento del insigne profesor.<br/><br/>Esta cuidadosa edición que hoy presentamos es el resultado directo del histórico magisterio americano de don Federico. Pero, como todo amor recíproco, este magisterio ha ido de ida, pero también va de vuelta. Le ha tocado ahora a una puertorriqueña, María Luisa Lugo, colaborar con el venerado maestro español y llevar a buen puerto su libro soñado. No me queda sino desear que la docencia vibrante de nuestro recordado don Federico siga viva en ambas orillas del Atlántico.<br/><br/>Luce López-Baralt
700 0# - ENTRADA AGREGADA--NOMBRE PERSONAL
9 (RLIN) 73436
Nombre de persona López Baralt, Luce
Término indicativo de función/relación Autor de introducción
700 ## - ENTRADA AGREGADA--NOMBRE PERSONAL
Nombre de persona Lugo Acevedo, María Luisa
Término indicativo de función/relación Editor
9 (RLIN) 238733
830 ## - PUNTO DE ACCESO ADICIONAL DE SERIE-TÍTULO UNIFORME
9 (RLIN) 232956
Título uniforme Colección Cervantes ;
Designación de volumen o secuencia 7
852 ## - LOCALIZACIÓN
Ubicación ES-MaACL
Ubicación en estantería Depósito J
Número de control de estantería N-9962
Donativo/Legado Donación: María Luisa Lugo Acevedo
Encuadernación Encuadernación rústica con solapas
Anotaciones manuscritas Dedicatoria autógrafa de María Luisa Lugo Acevedo
itemnumber 205869
903 ## - NOMBRE PERSONAL DE DONANTE
a Lugo Acevedo, María Luisa
e Donante
942 ## - ELEMENTOS DE ENTRADA SECUNDARIOS (KOHA)
Tipo de ítem Koha Libro impreso
Suprimir en OPAC No
Holdings
Estatus retirado Estado de pérdida Fuente del sistema de clasificación o colocación Estado de daño No para préstamo Colección Biblioteca de origen Biblioteca actual Ubicación en estantería Fecha de adquisición Fuente de adquisición Total de préstamos Signatura topográfica completa Código de barras Visto por última vez Precio de reemplazo Tipo de ítem Koha
    Clasificación decimal universal     Libros con dedicatorias Biblioteca del Ateneo de Madrid Biblioteca del Ateneo de Madrid Depósito J 27/05/2025 Donación   N-9962 101230206 27/05/2025 27/05/2025 Libro impreso